[Event "WchT Seniors 65"]
[Site "Radebeul"]
[Date "2016.07.04"]
[Round "9.10"]
[White "Byhan, Gert"]
[Black "Petzold, Hans"]
[Result "1/2-1/2"]
[WhiteElo "1953"]
[BlackElo "2092"]
[PlyCount "59"]
[EventDate "2016.06.26"]
[EventType "team-swiss"]
[EventRounds "9"]
[EventCountry "GER"]
[SourceTitle "CBM 173 Extra"]
[Source "ChessBase"]
[SourceDate "2016.08.29"]
[SourceVersion "1"]
[SourceVersionDate "2016.08.29"]
[SourceQuality "1"]
[WhiteTeam "Oberlausitz"]
[BlackTeam "Dresden TU"]
[WhiteTeamCountry "GER"]
[BlackTeamCountry "GER"]

1. e4 e5 2. Nf3 Nc6 3. d4 exd4 4. Nxd4 Bc5 5. Nb3 Bb6 6. Nc3 d6 7. a4 Be6 8. a5 Bc5 9. Nxc5 dxc5 10. Qxd8+ Rxd8 11. Bb5 Nge7 12. Be3 b6 13. axb6 axb6 14. 0-0 0-0 15. Bf4 Rd7 16. Rfd1 Rxd1+ 17. Rxd1 Rc8 18. Bxc6 Nxc6 19. Nb5 Bc4 20. Nxc7 Nd4 21. g3 g5 22. Bd6 Rd8 23. e5 Nf3+ 24. Kg2 Nxe5 25. b3 Be2 26. Rd2 Bf3+ 27. Kf1 f6 28. Ke1 Nf7 29. Be7 Rc8 30. Nd5 1/2-1/2

[Event "Bayern-chI Bank Hofmann 19th"]
[Site "Bad Wiessee"]
[Date "2015.10.31"]
[Round "1"]
[White "Volkov, Sergey"]
[Black "Byhan, Gert"]
[Result "1-0"]
[WhiteElo "2592"]
[BlackElo "1962"]
[PlyCount "51"]
[EventDate "2015.10.31"]
[EventType "swiss"]
[EventRounds "9"]
[EventCountry "GER"]
[SourceTitle "CBM 169 Extra"]
[Source "ChessBase"]
[SourceDate "2015.12.18"]
[SourceVersion "1"]
[SourceVersionDate "2015.12.18"]
[SourceQuality "1"]

1. d4 Nf6 2. c4 e6 3. Nc3 Bb4 4. f3 d5 5. a3 Bxc3+ 6. bxc3 0-0 7. cxd5 exd5 8. e3 c5 9. Bd3 Re8 10. Ne2 Nc6 11. 0-0 b6 12. Ng3 Be6 13. Bb2 Qd7 14. Qe2 h5 15. h4 Qc7 16. Qf2 Ne7 17. Rad1 Qc8 18. e4 dxe4 19. fxe4 Rf8 20. d5 Bg4 21. c4 Bxd1 22. Bxf6 gxf6 23. Qxf6 Qg4 24. Kh2 Ng6 25. Nf5 Nf4 26. Nh6+ 1-0

[Event "GER-chA Seniors 27th"]
[Site "Magdeburg"]
[Date "2015.08.16"]
[Round "2"]
[White "Byhan, Gert"]
[Black "Selig, Rainer"]
[Result "0-1"]
[WhiteElo "1969"]
[BlackElo "2133"]
[PlyCount "76"]
[EventDate "2015.08.15"]
[EventType "swiss"]
[EventRounds "9"]
[EventCountry "GER"]
[SourceTitle "EXT 2018"]
[Source "ChessBase"]
[SourceDate "2017.10.13"]
[SourceVersion "1"]
[SourceVersionDate "2017.10.13"]
[SourceQuality "1"]

1. e4 c5 2. b3 d6 3. Bb2 e5 4. Bb5+ Nc6 5. Ne2 Nge7 6. 0-0 g6 7. a4 Bg7 8. Ng3 0-0 9. Na3 h5 10. h3 Nd4 11. Bc4 Ne6 12. c3 Nc6 13. Nc2 Nf4 14. Qf3 Qg5 15. Kh2 Na5 16. Ne3 Nxc4 17. Nxc4 Be6 18. Ne2 d5 19. Nxf4 exf4 20. Na3 dxe4 21. Qe2 f3 22. gxf3 exf3 23. Qxf3 Be5+ 24. Qg3 Qf5 25. d4 Bxb3 26. a5 Be6 27. Nb5 Rfd8 28. dxe5 Rd2 29. Nd6 Qc2 30. Bc1 Rd3 31. Be3 Qxc3 32. Rac1 Qxa5 33. Rfd1 Rxd1 34. Rxd1 Qc7 35. Rc1 a5 36. Bf4 Qc6 37. Qe3 Qd5 38. Qe2 a4 0-1

[Event "CZE-chT rap"]
[Site "Pardubice"]
[Date "2015.07.16"]
[Round "1.2"]
[White "Vokac, Marek"]
[Black "Byhan, Gert"]
[Result "1-0"]
[WhiteElo "2453"]
[BlackElo "1978"]
[PlyCount "65"]
[EventDate "2015.07.16"]
[EventType "team-swiss"]
[EventRounds "7"]
[EventCountry "CZE"]
[SourceTitle "CBM 167 Extra"]
[Source "ChessBase"]
[SourceDate "2015.09.14"]
[SourceVersion "1"]
[SourceVersionDate "2015.09.14"]
[SourceQuality "1"]

1. d4 Nf6 2. c4 e6 3. Nf3 Bb4+ 4. Bd2 a5 5. g3 b6 6. Bg2 Bb7 7. 0-0 Bxd2 8. Nbxd2 0-0 9. Qc2 d5 10. Rac1 Na6 11. cxd5 exd5 12. Rfd1 Re8 13. e3 Qd6 14. a3 h6 15. Nh4 c5 16. Nf5 Qd8 17. dxc5 bxc5 18. Nc4 Re6 19. e4 d4 20. Nfd6 Bc6 21. e5 Nd5 22. Qf5 Qf8 23. Be4 g6 24. Qf3 Nac7 25. b4 axb4 26. axb4 f5 27. Bxd5 Bxd5 28. Qf4 Bxc4 29. Rxc4 Nd5 30. Qf3 Rxe5 31. bxc5 Ra2 32. Rcxd4 Nf6 33. Qb3+ 1-0

[Event "Hessen-ch Seniors op 11th"]
[Site "Bad Sooden-Allendorf"]
[Date "2015.05.15"]
[Round "7"]
[White "Brandt, Fred"]
[Black "Byhan, Gert"]
[Result "0-1"]
[WhiteElo "1838"]
[BlackElo "1982"]
[PlyCount "80"]
[EventDate "2015.05.09"]
[EventType "swiss"]
[EventRounds "9"]
[EventCountry "GER"]
[SourceTitle "EXT 2018"]
[Source "ChessBase"]
[SourceDate "2017.10.13"]
[SourceVersion "1"]
[SourceVersionDate "2017.10.13"]
[SourceQuality "1"]

1. d4 Nf6 2. Nf3 d5 3. e3 e6 4. Bd3 c5 5. c3 Bd6 6. Nbd2 Nc6 7. 0-0 0-0 8. h3 b6 9. Re1 Bb7 10. a3 a5 11. Bc2 Qc7 12. dxc5 bxc5 13. b3 Rfd8 14. Bb2 Be7 15. Qb1 h6 16. e4 dxe4 17. Nxe4 Nxe4 18. Bxe4 Bf6 19. Qc2 Ne7 20. Bxb7 Qxb7 21. c4 Bxb2 22. Qxb2 Rab8 23. Rab1 Rd3 24. Qe5 Qc8 25. Re3 Rxe3 26. Qxe3 Nf5 27. Qc3 Qd8 28. Qe5 Qd6 29. Qc3 Qb6 30. a4 Qc7 31. Rd1 Rd8 32. Rd2 f6 33. Rxd8+ Qxd8 34. Qe1 Kf7 35. Qc3 e5 36. Kh2 Nd4 37. Qe3 Qb8 38. Nd2 Qb4 39. g4 Qxd2 40. Qg3 Qf4 0-1

[Event "GER-chA Seniors 26th"]
[Site "Bad Neuenahr"]
[Date "2014.08.12"]
[Round "8"]
[White "Byhan, Gert"]
[Black "Hottes, Dieter"]
[Result "0-1"]
[WhiteElo "1938"]
[BlackElo "2173"]
[PlyCount "82"]
[EventDate "2014.08.05"]
[EventType "swiss"]
[EventRounds "9"]
[EventCountry "GER"]
[SourceTitle "EXT 2018"]
[Source "ChessBase"]
[SourceDate "2017.10.13"]
[SourceVersion "1"]
[SourceVersionDate "2017.10.13"]
[SourceQuality "1"]

1. e4 e6 2. d4 c5 3. Nf3 cxd4 4. Nxd4 Nc6 5. c4 Nf6 6. Nc3 Bb4 7. Nxc6 bxc6 8. Bd3 e5 9. 0-0 0-0 10. Bd2 d6 11. a3 Bc5 12. Qc1 a5 13. Be3 Nd7 14. Bxc5 Nxc5 15. Qe3 Rb8 16. Rab1 a4 17. Kh1 Be6 18. Be2 f6 19. f4 exf4 20. Qxf4 Qe7 21. Rfd1 Rfd8 22. Bf1 Bf7 23. Rd2 Qe5 24. g3 Kf8 25. Be2 Bg6 26. Bf3 Bf7 27. Be2 Bg6 28. Bf3 Bf7 29. Be2 g5 30. Qxe5 fxe5 31. Kg2 Bg6 32. Rf1+ Ke7 33. Kf3 Rb3 34. Kg4 Rdb8 35. Bd1 Rxb2 36. Rff2 Rxd2 37. Rxd2 Rg8 38. Re2 Bf7 39. Nxa4 Be6+ 40. Kh5 Nd7 41. Kh6 Nf6 0-1

[Event "GER-chA Seniors 26th"]
[Site "Bad Neuenahr"]
[Date "2014.08.09"]
[Round "5"]
[White "Emami, Madjid"]
[Black "Byhan, Gert"]
[Result "1/2-1/2"]
[WhiteElo "2003"]
[BlackElo "1938"]
[PlyCount "93"]
[EventDate "2014.08.05"]
[EventType "swiss"]
[EventRounds "9"]
[EventCountry "GER"]
[SourceTitle "EXT 2018"]
[Source "ChessBase"]
[SourceDate "2017.10.13"]
[SourceVersion "1"]
[SourceVersionDate "2017.10.13"]
[SourceQuality "1"]

1. Nf3 c5 2. b3 Nc6 3. Bb2 d5 4. e3 Bg4 5. Bb5 Rc8 6. h3 Bxf3 7. Qxf3 e6 8. 0-0 Nf6 9. c4 Be7 10. cxd5 Qxd5 11. Qxd5 exd5 12. d4 cxd4 13. Bxd4 a6 14. Bxc6+ Rxc6 15. Nc3 Bb4 16. Bxf6 Bxc3 17. Bxc3 Rxc3 18. Rfc1 Rxc1+ 19. Rxc1 Kd7 20. Kf1 Re8 21. Ke2 Kd6 22. Kd3 f5 23. Rc2 g5 24. g3 h5 25. Rc1 Rf8 26. f3 Re8 27. b4 g4 28. hxg4 hxg4 29. fxg4 fxg4 30. Rh1 Re4 31. a3 a5 32. Rh6+ Kc7 33. bxa5 Ra4 34. Rh7+ Kc6 35. Rh6+ Kc5 36. Rb6 Rxa3+ 37. Kd2 Rxa5 38. Rxb7 Ra2+ 39. Kd3 Rg2 40. Rc7+ Kd6 41. Rg7 Rxg3 42. Kd4 Rg1 43. Rg6+ Ke7 44. Kxd5 Kf7 45. Rg5 Kf6 46. Rg8 Kf7 47. Rg5 1/2-1/2

[Event "Hessen-ch Seniors op 10th"]
[Site "Bad Sooden-Allendorf"]
[Date "2014.05.03"]
[Round "8"]
[White "Blosze, Winfried"]
[Black "Byhan, Gert"]
[Result "1/2-1/2"]
[WhiteElo "1857"]
[BlackElo "1947"]
[PlyCount "68"]
[EventDate "2014.04.26"]
[EventType "swiss"]
[EventRounds "9"]
[EventCountry "GER"]
[SourceTitle "EXT 2018"]
[Source "ChessBase"]
[SourceDate "2017.10.13"]
[SourceVersion "1"]
[SourceVersionDate "2017.10.13"]
[SourceQuality "1"]

1. e4 c5 2. d4 cxd4 3. c3 dxc3 4. Nxc3 Nc6 5. Bc4 e6 6. Nf3 a6 7. 0-0 Nge7 8. Qe2 Ng6 9. Be3 b5 10. Bd3 Be7 11. Rac1 Bb7 12. Bb1 0-0 13. h3 d6 14. Nd2 Rc8 15. f4 Na5 16. b3 Bf6 17. Qd3 Nc6 18. Nf3 e5 19. f5 Nge7 20. g4 h6 21. h4 g5 22. hxg5 hxg5 23. Qd2 Nd4 24. Bxg5 Nec6 25. Bh6 Bg7 26. Qh2 f6 27. Nd5 Rf7 28. Kf2 Nxf3 29. Kxf3 Nd4+ 30. Kg2 Bxd5 31. exd5 Bxh6 32. Qxh6 Rxc1 33. Rxc1 Rg7 34. Qh4 Rh7 1/2-1/2

[Event "Hessen-ch Seniors op 10th"]
[Site "Bad Sooden-Allendorf"]
[Date "2014.05.02"]
[Round "7"]
[White "Byhan, Gert"]
[Black "Schmidt, Erich"]
[Result "1/2-1/2"]
[WhiteElo "1947"]
[BlackElo "1913"]
[PlyCount "55"]
[EventDate "2014.04.26"]
[EventType "swiss"]
[EventRounds "9"]
[EventCountry "GER"]
[SourceTitle "EXT 2018"]
[Source "ChessBase"]
[SourceDate "2017.10.13"]
[SourceVersion "1"]
[SourceVersionDate "2017.10.13"]
[SourceQuality "1"]

1. e4 g6 2. d4 Bg7 3. Nc3 d6 4. Be2 e6 5. h4 h6 6. Be3 a6 7. Qd2 Nd7 8. f4 Ne7 9. Nf3 b5 10. a3 Bb7 11. h5 gxh5 12. 0-0-0 Nf6 13. Bd3 d5 14. exd5 Nexd5 15. Nxd5 Bxd5 16. f5 Rb8 17. fxe6 Bxe6 18. Ne5 Qd5 19. b3 Qd6 20. Qb4 Qxb4 21. axb4 Ng4 22. Bg1 Nxe5 23. dxe5 Bg4 24. Re1 0-0 25. Be2 Bxe2 26. Rxe2 Rfe8 27. Bd4 Re6 28. Rxh5 1/2-1/2

[Event "Hessen-ch Seniors op 10th"]
[Site "Bad Sooden-Allendorf"]
[Date "2014.04.27"]
[Round "2"]
[White "Smeets, Pierre"]
[Black "Byhan, Gert"]
[Result "1-0"]
[WhiteElo "2034"]
[BlackElo "1947"]
[PlyCount "61"]
[EventDate "2014.04.26"]
[EventType "swiss"]
[EventRounds "9"]
[EventCountry "GER"]
[SourceTitle "EXT 2018"]
[Source "ChessBase"]
[SourceDate "2017.10.13"]
[SourceVersion "1"]
[SourceVersionDate "2017.10.13"]
[SourceQuality "1"]

1. d4 Nf6 2. Nf3 e6 3. Bg5 d5 4. e3 Be7 5. Nbd2 0-0 6. Bd3 Nbd7 7. c3 c5 8. Ne5 Nxe5 9. dxe5 Nd7 10. Bf4 Qe8 11. Qg4 f5 12. Qg3 Kh8 13. h4 Rg8 14. Nf3 c4 15. Bc2 Nc5 16. Nd4 Bd7 17. Bg5 b5 18. Bxe7 Qxe7 19. Qg5 Qf7 20. Ne2 Rab8 21. Nf4 Rge8 22. h5 Kg8 23. h6 Qe7 24. Qxg7+ Qxg7 25. hxg7 Kxg7 26. g4 Rh8 27. gxf5 exf5 28. 0-0-0 Bc6 29. Bxf5 Rbe8 30. Rdg1+ Kf7 31. Bxh7 1-0

[Event "Liberec op 13th"]
[Site "Liberec"]
[Date "2012.10.24"]
[Round "6"]
[White "Fuchs, Oliver"]
[Black "Byhan, Gert"]
[Result "1/2-1/2"]
[WhiteElo "1876"]
[BlackElo "1996"]
[PlyCount "24"]
[EventDate "2012.10.20"]
[EventType "swiss"]
[EventRounds "9"]
[EventCountry "CZE"]
[SourceTitle "EXT 2013"]
[Source "ChessBase"]
[SourceDate "2012.11.22"]
[SourceVersion "1"]
[SourceVersionDate "2012.11.22"]
[SourceQuality "1"]

1. d4 Nf6 2. c4 e6 3. Nc3 Bb4 4. Qc2 0-0 5. a3 Bxc3+ 6. Qxc3 Ne4 7. Qc2 f5 8. e3 d6 9. Bd3 Nf6 10. f3 Nbd7 11. Ne2 b6 12. 0-0 g6 1/2-1/2

[Event "Liberec op 13th"]
[Site "Liberec"]
[Date "2012.10.20"]
[Round "1"]
[White "Byhan, Gert"]
[Black "Haase, Pavel"]
[Result "1-0"]
[WhiteElo "1996"]
[BlackElo "1606"]
[PlyCount "55"]
[EventDate "2012.10.20"]
[EventType "swiss"]
[EventRounds "9"]
[EventCountry "CZE"]
[SourceTitle "EXT 2013"]
[Source "ChessBase"]
[SourceDate "2012.11.22"]
[SourceVersion "1"]
[SourceVersionDate "2012.11.22"]
[SourceQuality "1"]

1. e4 e6 2. d4 d5 3. Nd2 c5 4. Ngf3 Nc6 5. exd5 exd5 6. dxc5 Bxc5 7. Nb3 Bb6 8. Bb5 Nge7 9. 0-0 0-0 10. Bd3 Bf5 11. c3 Bxd3 12. Qxd3 Ng6 13. Rd1 Nce7 14. Nbd4 Qd7 15. Be3 Rad8 16. Nc2 Bxe3 17. Nxe3 Nf4 18. Qe2 Ne6 19. g3 Rfe8 20. Qc2 Qc7 21. Nf5 Ng6 22. Rd2 Rd7 23. Rad1 Red8 24. Qb3 Nc5 25. Qb4 Ne4 26. Re2 Qc5 27. Rxe4 dxe4 28. Rxd7 1-0

[Event "GER-ch Seniors"]
[Site "Dresden"]
[Date "2012.08.16"]
[Round "8"]
[White "Byhan, Gert"]
[Black "Lainburg, Victor"]
[Result "0-1"]
[WhiteElo "1993"]
[BlackElo "2197"]
[PlyCount "104"]
[EventDate "2012.08.09"]
[EventType "swiss"]
[EventRounds "9"]
[EventCountry "GER"]
[SourceTitle "EXT 2014"]
[Source "ChessBase"]
[SourceDate "2013.11.20"]
[SourceVersion "1"]
[SourceVersionDate "2013.11.20"]
[SourceQuality "1"]

1. e4 Nf6 2. e5 Nd5 3. d4 d6 4. Nf3 dxe5 5. Nxe5 g6 6. Bc4 c6 7. 0-0 Bg7 8. Re1 0-0 9. Bb3 Be6 10. Nd2 a5 11. a4 Nd7 12. Nef3 Nc7 13. Bxe6 Nxe6 14. Ne4 Nb6 15. c3 Qd5 16. Neg5 Nxg5 17. Bxg5 e6 18. Bf4 Rac8 19. Qe2 Rfd8 20. Be5 Bxe5 21. Nxe5 Nd7 22. Nxd7 Rxd7 23. Qc2 Qc4 24. Re5 Rxd4 25. Qe2 Qxe2 26. Rxe2 Rd5 27. f3 Rcd8 28. Kf2 Rd2 29. Rae1 Kf8 30. g4 h6 31. h4 Ke7 32. Ke3 Rxe2+ 33. Rxe2 Rd1 34. Kf2 Ra1 35. Re4 Ra2 36. Ke3 Rxb2 37. h5 gxh5 38. gxh5 b5 39. Kd4 Kd6 40. Ke3 Rh2 41. Rf4 f5 42. axb5 cxb5 43. Rd4+ Kc7 44. Rd1 Rxh5 45. Rb1 Kc6 46. Kf4 Rh4+ 47. Ke5 Rc4 48. Rb3 a4 49. Ra3 Kd7 50. Kf6 h5 51. Kg5 h4 52. f4 h3 0-1

[Event "GER-ch Seniors"]
[Site "Dresden"]
[Date "2012.08.15"]
[Round "7"]
[White "Bisse, Vilorij"]
[Black "Byhan, Gert"]
[Result "0-1"]
[WhiteElo "1954"]
[BlackElo "1993"]
[PlyCount "108"]
[EventDate "2012.08.09"]
[EventType "swiss"]
[EventRounds "9"]
[EventCountry "GER"]
[SourceTitle "EXT 2014"]
[Source "ChessBase"]
[SourceDate "2013.11.20"]
[SourceVersion "1"]
[SourceVersionDate "2013.11.20"]
[SourceQuality "1"]

1. e4 c5 2. Nf3 e6 3. c3 d5 4. e5 Nc6 5. d4 Qb6 6. Be2 cxd4 7. cxd4 Nge7 8. Na3 Nf5 9. Nc2 Bd7 10. 0-0 Be7 11. b3 Rc8 12. Be3 0-0 13. Bd3 Nxe3 14. fxe3 f5 15. exf6 Bxf6 16. Rc1 Rce8 17. Kh1 e5 18. dxe5 Nxe5 19. Nxe5 Rxe5 20. e4 Bc6 21. exd5 Bxd5 22. Bc4 Bxc4 23. bxc4 Rd8 24. Qf3 Rd2 25. Rce1 Rxe1 26. Rxe1 Qc6 27. Qxc6 bxc6 28. Nb4 c5 29. Nd5 Rxa2 30. Nxf6+ gxf6 31. Kg1 a5 32. Re6 Rc2 33. Ra6 Rxc4 34. Rxa5 Kg7 35. Kf2 Rf4+ 36. Ke3 Rf5 37. Ra7+ Kg6 38. Rc7 h6 39. g4 Re5+ 40. Kf4 h5 41. h3 h4 42. Kf3 Rd5 43. Kf4 Rd4+ 44. Ke3 Rc4 45. Kf3 Rc1 46. Kf4 c4 47. Rc6 c3 48. g5 c2 49. Rxf6+ Kg7 50. Rc6 Rf1+ 51. Kg4 c1Q 52. Rxc1 Rxc1 53. Kxh4 Kg6 54. Kg4 Rc4+ 0-1

[Event "Bad Wiessee Seniors op"]
[Site "Bad Wiessee"]
[Date "2012.04.27"]
[Round "7"]
[White "Byhan, Gert"]
[Black "Thieme, Wolfgang"]
[Result "1/2-1/2"]
[WhiteElo "1881"]
[BlackElo "1801"]
[PlyCount "114"]
[EventDate "2012.04.21"]
[EventType "swiss"]
[EventRounds "9"]
[EventCountry "GER"]
[SourceTitle "EXT 2015"]
[Source "ChessBase"]
[SourceDate "2014.11.20"]
[SourceVersion "1"]
[SourceVersionDate "2014.11.20"]
[SourceQuality "1"]

1. e4 c5 2. Nf3 e6 3. d4 cxd4 4. Nxd4 Bc5 5. Nb3 Bb6 6. Nc3 Ne7 7. Bd3 0-0 8. 0-0 Nbc6 9. Kh1 Ne5 10. Be2 d5 11. f4 N5g6 12. exd5 exd5 13. Bf3 d4 14. Na4 Nf5 15. Nxb6 Qxb6 16. Re1 Bd7 17. c3 Ba4 18. cxd4 Rad8 19. Qd3 Nfh4 20. Be4 Bb5 21. Qg3 f5 22. Bf3 Nxf3 23. Qxf3 Bc6 24. Qf2 Rfe8 25. Bd2 Qb5 26. Rxe8+ Rxe8 27. Re1 Rxe1+ 28. Bxe1 Qd5 29. Na5 Bb5 30. Qc2 Qd7 31. Qb3+ Kh8 32. Qf3 b6 33. Qa8+ Qe8 34. Qxe8+ Bxe8 35. Nc4 Nxf4 36. Bg3 Nd3 37. Bb8 b5 38. Nd6 Bd7 39. Bxa7 Nxb2 40. Kg1 Nc4 41. Nxc4 bxc4 42. Kf2 g5 43. d5 Kg7 44. Ke3 Kf7 45. Bd4 Ke7 46. Be5 Bb5 47. Kd4 Ba6 48. a4 h5 49. Kc5 Kd7 50. Kb6 Bc8 51. a5 c3 52. Bxc3 Kd6 53. a6 Bxa6 54. Kxa6 Kxd5 55. Bf6 g4 56. g3 Ke4 57. Bg5 Kf3 1/2-1/2

[Event "Bad Wiessee Seniors op"]
[Site "Bad Wiessee"]
[Date "2012.04.23"]
[Round "3"]
[White "Byhan, Gert"]
[Black "Wawrinsky, Ludwig"]
[Result "1-0"]
[WhiteElo "1881"]
[BlackElo "1692"]
[PlyCount "109"]
[EventDate "2012.04.21"]
[EventType "swiss"]
[EventRounds "9"]
[EventCountry "GER"]
[SourceTitle "EXT 2015"]
[Source "ChessBase"]
[SourceDate "2014.11.20"]
[SourceVersion "1"]
[SourceVersionDate "2014.11.20"]
[SourceQuality "1"]

1. e4 e6 2. d4 b6 3. Nf3 Bb7 4. Bd3 Be7 5. Qe2 d6 6. 0-0 Nd7 7. c4 Ngf6 8. Nc3 e5 9. b3 0-0 10. Bb2 exd4 11. Nxd4 Re8 12. Rad1 Bf8 13. Bb1 g6 14. Rfe1 Bg7 15. f3 a6 16. Qd2 Nh5 17. Qf2 Nhf6 18. Nde2 Nh5 19. Bc2 Qg5 20. Bc1 Qd8 21. Nd5 h6 22. Be3 Nhf6 23. Nef4 Nxd5 24. Nxd5 Bxd5 25. cxd5 Kh7 26. Bb1 a5 27. Rc1 Rc8 28. Bd3 Nc5 29. Bc4 Qd7 30. Qe2 Qe7 31. Bb5 Red8 32. Qf2 Qe5 33. Red1 Qe7 34. Rc2 Bf6 35. Rdc1 Bg5 36. Bxg5 Qxg5 37. Rc3 Qe5 38. a3 Qe7 39. b4 axb4 40. axb4 Nb7 41. Ba6 Rb8 42. Rxc7 Rd7 43. Rxd7 Qxd7 44. Qxb6 Rc8 45. Rxc8 Qxc8 46. Qxb7 Qc1+ 47. Bf1 Qe3+ 48. Kh1 Qf2 49. Qb5 h5 50. Qe2 Qb6 51. b5 Kg7 52. e5 dxe5 53. Qxe5+ Kf8 54. d6 Qf2 55. Qh8# 1-0

[Event "Leutersdorf Sparkasse op 15th"]
[Site "Leutersdorf"]
[Date "2011.02.20"]
[Round "7"]
[White "Dolezal, Jan"]
[Black "Byhan, Gert"]
[Result "0-1"]
[WhiteElo "1956"]
[BlackElo "1982"]
[PlyCount "76"]
[EventDate "2011.02.18"]
[EventType "swiss"]
[EventRounds "7"]
[EventCountry "GER"]
[SourceTitle "CBM 141 Extra"]
[Source "ChessBase"]
[SourceDate "2011.05.03"]
[SourceVersion "1"]
[SourceVersionDate "2011.05.03"]
[SourceQuality "1"]

1. d4 Nf6 2. c4 e6 3. Nc3 Bb4 4. Qc2 0-0 5. Nf3 b6 6. a3 Bxc3+ 7. Qxc3 Ne4 8. Qc2 Bb7 9. e3 f5 10. Bd3 d6 11. b3 Nd7 12. Bb2 c5 13. Nd2 Nxd2 14. Qxd2 Qe7 15. f3 d5 16. 0-0 Rac8 17. Rfe1 Nf6 18. dxc5 bxc5 19. cxd5 Bxd5 20. Bc4 Rfd8 21. Qc2 Kh8 22. Rad1 Ne8 23. Bxd5 Rxd5 24. Rxd5 exd5 25. Qxf5 Rd8 26. Qe5 Qf7 27. Qc3 d4 28. exd4 cxd4 29. Qc4 Qf8 30. Bxd4 h6 31. Bc5 Qf5 32. b4 Nf6 33. Qc1 Nd5 34. Qb1 Qg5 35. Qe4 Nf4 36. g3 Nd3 37. Be7 Qd2 38. Qe2 Nxe1 0-1

[Event "Leutersdorf Sparkasse op 15th"]
[Site "Leutersdorf"]
[Date "2011.02.19"]
[Round "3"]
[White "Teuber, Andreas"]
[Black "Byhan, Gert"]
[Result "0-1"]
[WhiteElo "2167"]
[BlackElo "1982"]
[PlyCount "92"]
[EventDate "2011.02.18"]
[EventType "swiss"]
[EventRounds "7"]
[EventCountry "GER"]
[SourceTitle "CBM 141 Extra"]
[Source "ChessBase"]
[SourceDate "2011.05.03"]
[SourceVersion "1"]
[SourceVersionDate "2011.05.03"]
[SourceQuality "1"]

1. d4 Nf6 2. Nf3 e6 3. e3 b6 4. Bd3 d5 5. Ne5 Bd6 6. f4 0-0 7. 0-0 c5 8. c3 Bb7 9. Bd2 Qe7 10. Be1 Ne4 11. Bxe4 dxe4 12. Nd2 f6 13. Nec4 Bc7 14. Bh4 Qd7 15. Qc2 b5 16. Na3 cxd4 17. cxd4 Rc8 18. Qd1 Qd5 19. Nb3 Nd7 20. Rf2 b4 21. Nb1 a5 22. Rc2 Bb6 23. Rd2 Qc4 24. Rf2 a4 25. N3d2 Qd3 26. Re2 Ba6 27. Re1 Rc2 28. Qg4 f5 29. Qg5 Bd8 30. Qg3 Bxh4 31. Qxh4 Nf6 32. Nf1 Rac8 33. a3 Rxb2 34. axb4 Rxb4 35. Na3 Rb2 36. h3 Qb3 37. g4 Nd5 38. Qg3 Ra2 39. Rxa2 Qxa2 40. Nb1 Bxf1 41. Kxf1 Rb8 42. gxf5 exf5 43. Qg5 Nxe3+ 44. Rxe3 Rxb1+ 45. Re1 Qc4+ 46. Kf2 Qxd4+ 0-1

[Event "Liberec op 11th"]
[Site "Liberec"]
[Date "2010.10.25"]
[Round "3"]
[White "Byhan, Gert"]
[Black "Vojtisek, Milos"]
[Result "1-0"]
[WhiteElo "1999"]
[BlackElo "1796"]
[PlyCount "71"]
[EventDate "2010.10.23"]
[EventType "swiss"]
[EventRounds "9"]
[EventCountry "CZE"]
[SourceTitle "EXT 2011"]
[Source "ChessBase"]
[SourceDate "2010.11.26"]
[SourceVersion "1"]
[SourceVersionDate "2010.11.26"]
[SourceQuality "1"]

1. e4 c5 2. Nf3 Nc6 3. d4 cxd4 4. Nxd4 Nf6 5. Nc3 d6 6. Be2 g6 7. 0-0 Bg7 8. Nb3 0-0 9. Be3 Na5 10. Nxa5 Qxa5 11. Qd2 Ng4 12. Bxg4 Bxg4 13. Nd5 Qd8 14. c4 Bd7 15. Bd4 f6 16. Rac1 b6 17. Rfe1 Bc6 18. Be3 Rc8 19. b3 Re8 20. f3 Bb7 21. Bh6 Qd7 22. Bxg7 Kxg7 23. Nc3 Qc6 24. Rcd1 Red8 25. Kh1 a6 26. Nd5 Qc5 27. Nxe7 Rc7 28. Nd5 Bxd5 29. exd5 b5 30. Rc1 Rdc8 31. h3 Qa3 32. Qf4 bxc4 33. Rxc4 Rxc4 34. bxc4 Qc3 35. Re7+ Kg8 36. Qh6 1-0

[Event "Leutersdorf Sparkasse op 13th"]
[Site "Leutersdorf"]
[Date "2009.02.14"]
[Round "5"]
[White "Byhan, Gert"]
[Black "Rothnauer, Volker"]
[Result "1-0"]
[WhiteElo "2007"]
[BlackElo "1721"]
[PlyCount "33"]
[EventDate "2009.02.13"]
[EventType "swiss"]
[EventRounds "7"]
[EventCountry "GER"]
[SourceTitle "CBM 128 Extra"]
[Source "ChessBase"]
[SourceDate "2009.03.05"]
[SourceVersion "2"]
[SourceVersionDate "2009.03.25"]
[SourceQuality "1"]

1. e4 g6 2. d4 Bg7 3. Nc3 Nf6 4. Be2 d6 5. h4 h5 6. Bg5 Nbd7 7. Qd2 0-0 8. 0-0-0 c5 9. Nf3 b5 10. e5 cxd4 11. Qxd4 Ng4 12. Qe4 Nb6 13. exd6 Bf6 14. dxe7 Qxe7 15. Qxe7 Bxe7 16. Bxe7 Re8 17. Bc5 1-0